Mensch und ameise (Record no. 6696)

MARC details
000 -CABECERA
campo de control de longitud fija 00745nam a2200241 a 4500
001 - NÚMERO DE CONTROL
campo de control BRCA_7015
005 - FECHA Y HORA DE LA ÚLTIMA TRANSACCIÓN
campo de control 20190320205658.0
008 - DATOS DE LONGITUD FIJA--INFORMACIÓN GENERAL
campo de control de longitud fija 251111s1922----gw-#######---#000-0#ger-#
041 ## - CÓDIGO DE LENGUA
Código de lengua del texto/banda sonora o título independiente ger
044 ## - CÓDIGO DEL PAÍS DE LA ENTIDAD EDITORA/PRODUCTORA
Código MARC del país gw
050 #4 - SIGNATURA TOPOGRÁFICA DE LA BIBLIOTECA DEL CONGRESO
Número de clasificación HM106
Número de documento/Ítem .F6 1922
100 1# - ENTRADA PRINCIPAL--NOMBRE DE PERSONA
Nombre de persona Forel, Auguste
Fechas asociadas al nombre 1848-1931.
9 (RLIN) 17449
245 10 - MENCIÓN DE TÍTULO
Título Mensch und ameise
Mención de responsabilidad, etc. ein beitrag zur frage der vererbung und fortschrittsfähigkeit von dr. August Forel.
260 ## - PUBLICACIÓN, DISTRIBUCIÓN, ETC.
Lugar de publicación, distribución, etc. Wein, Berlín y Leipzig
Nombre del editor, distribuidor, etc. Rikola
Fecha de publicación, distribución, etc. 1922
300 ## - DESCRIPCIÓN FÍSICA
Extensión 70 p.
Dimensiones 20 cm.
500 ## - NOTA GENERAL
Nota general Estado físico: lomo y cuebiertas rotos con algunas páginas desprendidas.
500 ## - NOTA GENERAL
Nota general O24
650 14 - PUNTO DE ACCESO ADICIONAL DE MATERIA--TÉRMINO DE MATERIA
Término de materia o nombre geográfico como elemento de entrada Evolución del hombre
9 (RLIN) 17450
650 14 - PUNTO DE ACCESO ADICIONAL DE MATERIA--TÉRMINO DE MATERIA
Término de materia o nombre geográfico como elemento de entrada Hormigas
9 (RLIN) 17451
650 14 - PUNTO DE ACCESO ADICIONAL DE MATERIA--TÉRMINO DE MATERIA
Término de materia o nombre geográfico como elemento de entrada Herencia
9 (RLIN) 17452
902 ## - CATALOGADOR
Iniciales GFM
942 ## - ELEMENTOS DE PUNTO DE ACCESO ADICIONAL (KOHA)
Fuente del sistema de clasificación o colocación Library of Congress Classification
Tipo de ítem Koha Libros
Holdings
Estado de retiro Estado de pérdida Estado dañado No para préstamo Localización permanente Ubicación/localización actual Fecha de adquisición Número de inventario Total de préstamos Signatura topográfica completa Código de barras Fecha visto por última vez Precio válido a partir de Tipo de ítem Koha
El ejemplar forma parte de la colección y puede ser consultado según las políticas vigentes.       Biblioteca del Museo Franz Mayer (Rogerio Casas-Alatriste) Biblioteca del Museo Franz Mayer (Rogerio Casas-Alatriste) 25/11/2011 O24   HM106 .F6 1922 (O24) 7462 22/03/2019 22/03/2019 Libros